LEADER 01332nam a2200313 i 4500 001 000000211159 003 CaOOAMICUS 005 20250725092055.0 008 120222s1850 it u000 u grc u 013 $a189972 040 $aSeMil$bita 100 0 $aAeschylus ,$d.$0(OLS)http://semarc/name/9321 245 10$aAeschyli Tragoediae /$cEx recensione Ricardi Porsoni passim reficita a Guilielmo Dindorfio. 246 01$aAischyloy tragoidiai 250 $aEditio secunda correctior. 260 $aLipsiae :$bsumptibus ex typis B. G. Teubneri,$c1850. 300 $a282 p. ;$c18 cm. 490 0 $aBibliotheca scriptorum graecorum et romanorum Teubneriana 700 1 $aDindorf, Wilhelm <1802-1883>.$0(OLS)http://semarc/name/680 830 0$aBibliotheca scriptorum graecorum et romanorum Teubneriana.$0(OLS)http://semarc/title/35285 850 $aSeMil 852 $aSeMil$W1$xVenegono$y1$m1X II 136 FA$j161602$B161602$CSeMilBibl$Z2$F172885 $8I 900 0 $aEschilo. 961 $aOmaggio: Stoppani Pietro 996 $6245$aAeschyli Tragoediae$9(OLS)http://semarc/title/305081 996 $6246$aAischyloy tragoidiai$9(OLS)http://semarc/title/305082 996 $6260$aLipsiae :$bsumptibus ex typis B. G. Teubneri$9(OLS)http://semarc/publisher/36790 LEADER 01086nam a2200253 i 4500 001 000000102405 003 CaOOAMICUS 005 20160318000000.0 008 160318s1971 it u000 u ita u 013 $a74558 040 $aSeMil$bita 100 1 $aGaster, Theodor H.$0(OLS)http://semarc/name/43905 245 13$aLe pił antiche storie del mondo /$cTheodor H. Gaster ; traduzione di Nicoletta Coppini ; prefazione di Giorgio Levi Della Vida. 260 $aMilano :$bMondadori,$c1971. 300 $a221 p. ;$c19 cm. 490 0 $aOscar Mondadori ;$v357 650 4$aMitologia - Oriente.$0(OLS)http://semarc/subject/15280 700 1 $aLevi Della Vida, Giorgio.$0(OLS)http://semarc/name/34774 700 1 $aCoppini, Nicoletta.$0(OLS)http://semarc/name/43906 830 0$aOscar ;$v357.$0(OLS)http://semarc/title/8669 850 $aSeMil 852 $aSeMil$W1$xVenegono$y1$m1P III 49$j58922$B58922$CSeMilBibl$Z2$F69917 $81 996 $6245$aLe pił antiche storie del mondo$9(OLS)http://semarc/title/149086 996 $6260$aMilano :$bMondadori$9(OLS)http://semarc/publisher/30335